[Event "SR 4. liga A21 2015/2016"]
[Site "?"]
[Date "2015.12.13"]
[Round "5.2"]
[White "Vagovic, Milan"]
[Black "Planka, Peter"]
[Result "1/2-1/2"]
[WhiteElo "1609"]
[BlackElo "1740"]
[PlyCount "102"]
[EventDate "2015.??.??"]

1. d4 Nf6 2. Nf3 e6 3. Bf4 b6 4. e3 Bb7 5. Bd3 Be7 6. O-O O-O 7. c4 d5 8. Nc3
dxc4 9. Bxc4 Nd5 10. Nxd5 exd5 11. Bd3 c5 12. Qc2 h6 13. Rac1 c4 14. Be2 Nd7
15. Ne5 b5 16. Bf3 Nf6 17. Ng4 Nxg4 18. Bxg4 Bd6 19. Bg3 Qe7 20. Bxd6 Qxd6 21.
a3 a5 22. Bf3 Rfe8 23. Rfe1 a4 24. Qc3 f5 25. Qc2 Qf6 26. Qc3 Qd6 27. Qc2 Qd7
28. Bh5 Re7 29. Qd2 Bc6 30. Qc2 Rf8 31. Bf3 Rf6 32. g3 g6 33. Re2 Kg7 34. Rce1
Rf8 35. Bg2 Rfe8 36. Bh3 Qd6 37. Qc3 h5 38. f4 Rb8 39. Qb4 Qxb4 40. axb4 Ra8
41. Ra1 Rea7 42. Ra3 Bd7 43. Bg2 Be6 44. Bf3 Rc7 45. h3 Kf6 46. Rg2 Rh8 47. h4
Ke7 48. Kf1 Kd6 49. Kg1 Rhc8 50. Rc2 Bd7 51. Kg2 Bc6 1/2-1/2

[Event "SR 4. liga A21 2015/2016"]
[Site "?"]
[Date "2015.12.13"]
[Round "5.2"]
[White "Jarabek, Milan"]
[Black "Slaba, Andrea"]
[Result "1/2-1/2"]
[WhiteElo "1700"]
[BlackElo "1628"]
[PlyCount "187"]
[EventDate "2015.??.??"]

1. e4 d6 2. d4 Nf6 3. Nc3 g6 4. Be3 Bg7 5. f3 O-O 6. Qd2 Re8 7. O-O-O c6 8. g4
b5 9. Bd3 a5 10. h4 b4 11. Nb1 Be6 12. Bh6 Bh8 13. h5 Bxa2 14. hxg6 fxg6 15. e5
Nfd7 16. Qg5 e6 17. Qxd8 Rxd8 18. Bg5 Re8 19. f4 dxe5 20. dxe5 Nc5 21. Ne2 Bd5
22. Rh2 Nxd3+ 23. Rxd3 c5 24. Rdh3 Ra7 25. Nd2 a4 26. b3 axb3 27. Nxb3 Bxb3 28.
cxb3 Rc8 29. Rd3 Rd7 30. Rhh3 Rcc7 31. Kc2 Rxd3 32. Rxd3 Rd7 33. Ng3 Bg7 34.
Ne4 Rxd3 35. Kxd3 Nd7 36. Be7 Bf8 37. Bd6 h5 38. gxh5 gxh5 39. Ng5 h4 40. Ke3
Bxd6 41. exd6 e5 42. fxe5 Nxe5 43. Nf3 Nd7 44. Nxh4 Kf7 45. Nf3 Ke6 46. Kd3
Kxd6 47. Kc4 Kc6 48. Kd3 Kd5 49. Nd2 Ne5+ 50. Kc2 Kd4 51. Nf1 Nf3 52. Ng3 Ke3
53. Nf5+ Ke2 54. Ng3+ Ke3 55. Nf5+ Kf4 56. Nd6 Nd4+ 57. Kb2 Ke5 58. Nc4+ Kf4
59. Nd6 Ke3 60. Nb7 Ne6 61. Nd6 Kd3 62. Nc4 Nf4 63. Ne5+ Kd2 64. Nc4+ Kd1 65.
Ne3+ Ke2 66. Nc4 Nd3+ 67. Kc2 Ne1+ 68. Kb2 Kd1 69. Ne3+ Ke2 70. Nc4 Ng2 71. Nd6
Kd3 72. Nc4 Ne3 73. Ne5+ Ke4 74. Nd7 Kd4 75. Kc1 Nd5 76. Kd2 Nc3 77. Nb6 Ne4+
78. Kc2 Nd6 79. Nd7 Nb5 80. Nb6 Na3+ 81. Kb2 Kd3 82. Nd7 Kd4 83. Nb6 Nb5 84.
Nc4 Nc3 85. Kc2 Nb5 86. Nb6 Nd6 87. Nd7 Nc8 88. Kd2 c4 89. bxc4 Kxc4 90. Kc2
b3+ 91. Kb2 Kb4 92. Ne5 Nd6 93. Nc6+ Ka4 94. Na5 1/2-1/2

[Event "SR 4. liga A21 2015/2016"]
[Site "?"]
[Date "2015.12.13"]
[Round "5.2"]
[White "Pripko, Bystrik"]
[Black "Zlamal, Marek"]
[Result "1/2-1/2"]
[WhiteElo "1672"]
[BlackElo "1738"]
[PlyCount "63"]
[EventDate "2015.??.??"]

1. e4 c5 2. Nf3 Nc6 3. Bc4 e5 4. O-O d6 5. h3 Be6 6. Bxe6 fxe6 7. d3 Nf6 8.
Nbd2 Be7 9. Nc4 h6 10. Nh2 g5 11. Ng4 Nd7 12. g3 Qc7 13. c3 O-O-O 14. a3 Rdf8
15. b4 cxb4 16. axb4 b5 17. Na5 Nxa5 18. Rxa5 Qb7 19. Be3 a6 20. Qa1 Nb8 21.
Rc1 Kd7 22. c4 h5 23. Nxe5+ dxe5 24. Qxe5 Nc6 25. Qc3 Nxa5 26. bxa5 bxc4 27.
Qxc4 Rc8 28. Qd4+ Bd6 29. Qg7+ Be7 30. Qd4+ Bd6 31. Qg7+ Be7 32. Qd4+ 1/2-1/2

[Event "SR 4. liga A21 2015/2016"]
[Site "?"]
[Date "2015.12.13"]
[Round "5.2"]
[White "Danihel, Jozef"]
[Black "Piestansky, Jan"]
[Result "0-1"]
[WhiteElo "1562"]
[BlackElo "1680"]
[PlyCount "138"]
[EventDate "2015.??.??"]

1. d4 d5 2. c4 c6 3. Nc3 Bf5 4. e3 Nf6 5. h3 e6 6. Bd3 Bxd3 7. Qxd3 Be7 8. Nf3
h6 9. Ne5 Nbd7 10. O-O O-O 11. a3 Nxe5 12. dxe5 Nd7 13. f4 f5 14. b4 Nb6 15.
cxd5 cxd5 16. Ne2 Nc4 17. Nd4 Qd7 18. Qe2 g6 19. Bd2 Rac8 20. Be1 a6 21. Bf2
Kf7 22. Rfd1 Rc7 23. Rdc1 Rfc8 24. Kh2 Qa4 25. Qa2 Nb6 26. Qb2 Nc4 27. Qa2 Nb6
28. Qb2 Rc4 29. Be1 Rxc1 30. Rxc1 Rxc1 31. Qxc1 Nc4 32. Nc2 Qb3 33. Bd2 Bd8 34.
Kg1 Bb6 35. Kf2 Qd3 36. Ke1 Qe4 37. Kf2 Qd3 38. Ke1 d4 39. Nxd4 Bxd4 40. exd4
Qxd4 41. Ke2 Qe4+ 42. Kf2 Qd3 43. Be3 b5 44. Bc5 Qxa3 45. Qd1 Qb2+ 46. Kg1 Qd2
47. Qa1 Ne3 48. Bxe3 Qxe3+ 49. Kh1 Qb6 50. Qd1 Ke7 51. Qf3 Qc7 52. Qg3 Kf7 53.
Qh4 Qe7 54. Qxh6 Qxb4 55. Qh7+ Ke8 56. Qxg6+ Kd7 57. Qf7+ Qe7 58. Qh5 b4 59.
Qd1+ Kc7 60. Qf3 Kb6 61. Qe3+ Qc5 62. Qe2 Kc6 63. h4 a5 64. h5 Qe7 65. Qc2+ Kb7
66. Qe2 Kb6 67. Qd1 Kc6 68. Kh2 Qh4+ 69. Kg1 Qe7 {biely prekroèil èas} 0-1

[Event "SR 4. liga A21 2015/2016"]
[Site "?"]
[Date "2015.12.13"]
[Round "5.3"]
[White "Lajda, Dusan"]
[Black "Jozefovic, Milan"]
[Result "1-0"]
[WhiteElo "1824"]
[BlackElo "1860"]
[PlyCount "77"]
[EventDate "2015.??.??"]

1. e4 b6 2. d4 Bb7 3. Nc3 d6 4. Nf3 Nf6 5. Bd3 e6 6. Be3 Be7 7. Qd2 Nbd7 8. h3
c5 9. O-O-O Rc8 10. Qe2 O-O 11. e5 Nd5 12. Nxd5 Bxd5 13. b3 Qc7 14. exd6 Bxd6
15. c4 cxd4 16. Bxd4 Bxf3 17. Qxf3 b5 18. Qh5 f5 19. Kb1 Be5 20. Bxe5 Nxe5 21.
Qe2 bxc4 22. Bxc4 Nxc4 23. Qxe6+ Kh8 24. Qxc4 Qxc4 25. bxc4 Rxc4 26. Rd2 h6 27.
Rc1 Ra4 28. Rc7 Rb8+ 29. Rb2 Rxb2+ 30. Kxb2 Kh7 31. Kb3 Rf4 32. f3 a5 33. Rc4
a4+ 34. Rxa4 Rxa4 35. Kxa4 g5 36. Kb4 h5 37. a4 h4 38. a5 g4 39. a6 1-0

[Event "SR 4. liga A21 2015/2016"]
[Site "?"]
[Date "2015.12.13"]
[Round "5.3"]
[White "Brunovsky, Peter"]
[Black "Krchnak, Rudolf"]
[Result "1-0"]
[WhiteElo "1839"]
[BlackElo "1766"]
[PlyCount "55"]
[EventDate "2015.??.??"]

1. c4 f5 2. Nc3 Nf6 3. g3 g6 4. Bg2 Bg7 5. d3 d6 6. e3 c6 7. Nge2 O-O 8. O-O e5
9. e4 Na6 10. h3 Be6 11. b3 Qd7 12. Kh2 Nc5 13. Be3 Nh5 14. exf5 gxf5 15. f4
exf4 16. gxf4 Nf6 17. Rc1 Na6 18. Nd4 Bf7 19. Rg1 $11 Kh8 20. Nf3 Nc7 21. d4 d5
22. Ne5 Qe6 23. Bf3 Ne4 24. Nxe4 dxe4 25. Bh5 Bxh5 26. Qxh5 Rf6 27. Rg3 Rh6 28.
Nf7+ 1-0

[Event "SR 4. liga A21 2015/2016"]
[Site "?"]
[Date "2015.12.13"]
[Round "5.3"]
[White "Keller, Jozef"]
[Black "Hrubos, Milan"]
[Result "1/2-1/2"]
[WhiteElo "1594"]
[BlackElo "1766"]
[PlyCount "49"]
[EventDate "2015.??.??"]

1. d4 d5 2. Nf3 c6 3. Bf4 Nf6 4. e3 e6 5. c4 Nbd7 6. Nc3 a6 7. a3 Be7 8. Rc1
Nh5 9. Be5 Nxe5 10. Nxe5 Nf6 11. Bd3 O-O 12. O-O dxc4 13. Bxc4 c5 14. dxc5 Bxc5
15. Qxd8 Rxd8 16. Na4 Ba7 17. Bb3 Bd7 18. Rfd1 Bxa4 19. Rxd8+ Rxd8 20. Bxa4 Nd5
21. Rd1 Bb8 22. Nf3 Bc7 23. e4 Nf6 24. Rxd8+ Bxd8 25. Bc2 1/2-1/2

[Event "SR 4. liga A21 2015/2016"]
[Site "?"]
[Date "2015.12.13"]
[Round "5.3"]
[White "Kanka, Tomas"]
[Black "Varga, Adam"]
[Result "1-0"]
[WhiteElo "1688"]
[BlackElo "1315"]
[PlyCount "73"]
[EventDate "2015.??.??"]

1. e4 e5 2. Nf3 Nc6 3. Bc4 Bc5 4. b4 Bxb4 5. c3 Ba5 6. d4 exd4 7. O-O dxc3 8.
Qb3 Qe7 9. Ba3 Bb4 10. Bxb4 Nxb4 11. Bxf7+ Qxf7 12. Qxb4 Ne7 13. Nxc3 O-O 14.
e5 Nc6 15. Qh4 h6 16. Rad1 Ne7 17. Nb5 Nf5 18. Qa4 d6 19. exd6 c6 20. Nc7 b5
21. Qa5 Rb8 22. Qxa7 Rb7 23. Qc5 Nxd6 24. Rxd6 Rxc7 25. Rxc6 Rxc6 26. Qxc6 Bd7
27. Qb7 Qe6 28. Nd4 Qe8 29. h3 Rf7 30. Qd5 b4 31. Rb1 Kf8 32. Qd6+ Qe7 33. Qb8+
Qe8 34. Qxb4+ Re7 35. Qd6 Qg6 36. Qxg6 Be8 37. Rb8 1-0

[Event "SR 4. liga A21 2015/2016"]
[Site "?"]
[Date "2015.12.13"]
[Round "5.3"]
[White "Ganobcik, Miroslav"]
[Black "Vlk, Jaroslav"]
[Result "0-1"]
[WhiteElo "1000"]
[BlackElo "1000"]
[PlyCount "96"]
[EventDate "2015.??.??"]

1. e4 e5 2. Bc4 Nf6 3. d3 c6 4. Nf3 Qe7 5. Nc3 b5 6. Bb3 d6 7. Bg5 h6 8. Bxf6
Qxf6 9. d4 Bg4 10. d5 a6 11. dxc6 Nxc6 12. Nd5 Qd8 13. Qd3 Bxf3 14. Qxf3 f6 15.
O-O-O Nd4 16. Qh5+ Kd7 17. Qf7+ Kc8 18. c3 Nxb3+ 19. axb3 Rb8 20. Qe6+ Qd7 21.
Qxd7+ Kxd7 22. Nb4 a5 23. Na6 Rb6 24. Nc5+ Kc6 25. Ne6 g5 26. Nxf8 Rxf8 27. Rd2
Rd8 28. Rhd1 b4 29. c4 Rb7 30. c5 Rbd7 31. cxd6 Rxd6 32. Rc2+ Kb5 33. Rxd6 Rxd6
34. g3 Rd4 35. f3 Rd3 36. Rf2 Rxb3 37. f4 Re3 38. fxg5 fxg5 39. Rf6 h5 40. Rf5
Rxe4 41. Rxg5 a4 42. Rxh5 a3 43. bxa3 bxa3 44. Kb1 Kb4 45. g4 Kb3 46. Kc1 Re3
47. g5 a2 48. Kd2 Rc3 0-1

[Event "SR 4. liga A21 2015/2016"]
[Site "?"]
[Date "2015.12.13"]
[Round "5.4"]
[White "Pericka, Tomas"]
[Black "Podjavorinsky, Michal"]
[Result "1-0"]
[WhiteElo "1994"]
[BlackElo "1861"]
[PlyCount "71"]
[EventDate "2015.??.??"]

1. e4 c6 2. d4 d5 3. e5 Bf5 4. Nc3 e6 5. g4 Bg6 6. Nge2 Bb4 7. a3 Bxc3+ 8. Nxc3
Nd7 9. Be3 Qh4 10. Qd2 h6 11. O-O-O Nb6 12. b3 Qe7 13. Kb2 a5 14. a4 Qb4 15.
Ka2 f6 16. f4 fxe5 17. dxe5 O-O-O 18. Ne2 Nd7 19. Nd4 Qxd2 20. Bxd2 Re8 21.
Bxa5 Be4 22. Rg1 g5 23. f5 exf5 24. e6 Ndf6 25. gxf5 Ne7 26. Bd3 Rhf8 27. Bb4
Kc7 28. a5 Bxd3 29. cxd3 Nh5 30. Rc1 Kb8 31. Bxe7 Rxe7 32. Rxc6 Ng7 33. Rb6 Ka7
34. Rf1 Rf6 35. Rc1 g4 36. Rc8 1-0

[Event "SR 4. liga A21 2015/2016"]
[Site "?"]
[Date "2015.12.13"]
[Round "5.4"]
[White "Miciak, Emanuel"]
[Black "Sadlon, Juraj"]
[Result "0-1"]
[WhiteElo "1853"]
[BlackElo "1840"]
[PlyCount "74"]
[EventDate "2015.??.??"]

1. d4 Nf6 2. c4 c6 3. Bf4 d6 4. e3 g6 5. Nc3 Bg7 6. Nf3 O-O 7. h3 Nbd7 8. Bd3
Re8 9. Bh2 e5 10. dxe5 dxe5 11. e4 Nc5 12. Bc2 Qb6 13. Rb1 Qb4 14. Qe2 Ncxe4
15. O-O Nxc3 16. Qd2 Nxa2 17. Qe3 Qb6 18. c5 Qb5 19. Bb3 Nd5 20. Bxd5 cxd5 21.
b4 Nxb4 22. Nxe5 f6 23. Qc3 a5 24. Nf3 Bf5 25. Rbd1 Bd3 26. Rfe1 Qc4 27. Rxe8+
Rxe8 28. Qa3 Qxc5 29. Bf4 f5 30. Rc1 Bc4 31. Qa4 Re2 32. Rf1 Nc6 33. Qd1 b5 34.
Nd2 a4 35. Nxc4 Qxc4 36. Bd6 d4 37. Re1 d3 0-1

[Event "SR 4. liga A21 2015/2016"]
[Site "?"]
[Date "2015.12.13"]
[Round "5.4"]
[White "Pericka, Pavol"]
[Black "Smrek, Peter"]
[Result "1/2-1/2"]
[WhiteElo "1790"]
[BlackElo "1808"]
[PlyCount "100"]
[EventDate "2015.??.??"]

1. e4 c5 2. Bc4 e6 3. Qe2 Nc6 4. Nf3 Nge7 5. Nc3 d6 6. d3 g6 7. Bg5 Bg7 8. Qd2
h6 9. Bh4 a6 10. a4 Qc7 11. Bg3 Bd7 12. Rb1 Nd4 13. Nxd4 cxd4 14. Ne2 Bxa4 15.
Qb4 Qd7 16. b3 Bc6 17. Bxd6 b5 18. O-O Ra7 19. Bxe6 Qxe6 20. Nxd4 Qd7 21. Bxe7
Qxd4 22. Qd6 Qxd6 23. Bxd6 a5 24. e5 Kd7 25. c4 Bf8 26. c5 Bxd6 27. exd6 Re8
28. Rfe1 Bd5 29. Rxe8 Kxe8 30. Re1+ Kd8 31. Re5 Bxb3 32. c6 b4 33. c7+ Rxc7 34.
dxc7+ Kxc7 35. Rxa5 Kb6 36. Ra1 Bc2 37. d4 b3 38. Ra8 Kb7 39. Ra4 Kb6 40. Rb4+
Ka5 41. Rb8 Ka4 42. d5 Ka3 43. d6 Bf5 44. Kf1 b2 45. Ke2 Be6 46. Kd2 Bb3 47. d7
b1=Q 48. d8=Q Qd1+ 49. Ke3 Qe1+ 50. Kd3 Qd1+ 1/2-1/2

[Event "SR 4. liga A21 2015/2016"]
[Site "?"]
[Date "2015.12.13"]
[Round "5.4"]
[White "Bajcar, Pavol"]
[Black "Likavska, Barbora"]
[Result "1/2-1/2"]
[WhiteElo "1748"]
[BlackElo "1865"]
[PlyCount "81"]
[EventDate "2015.??.??"]

1. d4 d6 2. Bf4 Nf6 3. Nf3 g6 4. e3 Bg7 5. Bd3 O-O 6. Nbd2 Nbd7 7. c3 Re8 8.
Bc4 e6 9. O-O Nb6 10. Bb3 c5 11. dxc5 dxc5 12. Nc4 Nxc4 13. Bxc4 Qb6 14. Qb3
Qxb3 15. Bxb3 b5 16. Be5 c4 17. Bc2 Bb7 18. Nd4 a6 19. f3 Nd5 20. Bxg7 Kxg7 21.
e4 Ne3 22. Rfe1 Nxc2 23. Nxc2 Red8 24. Rad1 Kf8 25. Ne3 Ke7 26. e5 Rac8 27.
Rxd8 Rxd8 28. Rd1 Rxd1+ 29. Nxd1 f6 30. f4 Be4 31. Kf2 f5 32. g3 a5 33. a3 Kd7
34. Ke3 Kc6 35. Kd4 h6 36. Ne3 Bd3 37. g4 g5 38. fxg5 hxg5 39. gxf5 exf5 40.
Nd5 f4 41. Nf6 1/2-1/2

[Event "SR 4. liga A21 2015/2016"]
[Site "?"]
[Date "2015.12.13"]
[Round "5.4"]
[White "Brath, Zdeno"]
[Black "Podjavorinsky, Peter"]
[Result "1-0"]
[WhiteElo "1464"]
[BlackElo "1693"]
[PlyCount "43"]
[EventDate "2015.??.??"]

1. e4 e5 2. Bc4 Bc5 3. d3 Nc6 4. Nf3 h6 5. Nc3 Nf6 6. Nd5 d6 7. h3 a6 8. c3 Ba7
9. Be3 Bb8 10. Nxf6+ Qxf6 11. d4 exd4 12. Nxd4 Bd7 13. Bd5 Ba7 14. Qd2 Bxd4 15.
cxd4 Rb8 16. Rc1 O-O 17. f4 Rfe8 18. O-O Ne7 19. Bb3 c6 20. e5 dxe5 21. fxe5
Qg6 22. Bxf7+ 1-0

[Event "SR 4. liga A21 2015/2016"]
[Site "?"]
[Date "2015.12.13"]
[Round "5.5"]
[White "Provaznik, Michal"]
[Black "Lanik, Miroslav"]
[Result "0-1"]
[WhiteElo "2212"]
[BlackElo "1881"]
[PlyCount "112"]
[EventDate "2015.??.??"]

1. e4 c5 2. Nf3 d6 3. d4 cxd4 4. c3 dxc3 5. Nxc3 Nc6 6. Bc4 e6 7. O-O Nge7 8.
Bg5 f6 9. Be3 Ng6 10. Nd4 Nxd4 11. Qxd4 Ne5 12. Bb3 Bd7 13. Rac1 Be7 14. Qb4
Qb8 15. Nb5 Nd3 16. Qc4 Nxc1 17. Bxc1 O-O 18. Nd4 Qc8 19. Qe2 Kh8 20. Be3 Qe8
21. Bxe6 Bd8 22. Qg4 Bxe6 23. Nxe6 Qd7 24. f4 Rf7 25. f5 Bb6 26. Rf3 Bxe3+ 27.
Rxe3 Rc8 28. h4 Rc1+ 29. Kh2 d5 30. exd5 Rc2 31. Qe4 Qd6+ 32. Kh3 Rc1 33. Nf4
Rf8 34. g3 Rcc8 35. Qf3 Rce8 36. Re6 Rxe6 37. dxe6 Qc6 38. e7 Re8 39. Nd5 Rxe7
40. Qa3 Re8 41. Nf4 Qe4 42. Qc5 b6 43. Qb5 Qe5 44. Qd7 a5 45. Kg4 Qe7 46. Qc6
Rb8 47. b3 Qc5 48. Qd7 Qc8 49. Qd6 Qd8 50. Qe6 Qd1+ 51. Kh3 h5 52. Qe4 Rd8 53.
Ne2 Qf1+ 54. Kh2 Kh7 55. Qe3 Rd1 56. Ng1 Ra1 0-1

[Event "SR 4. liga A21 2015/2016"]
[Site "?"]
[Date "2015.12.13"]
[Round "5.5"]
[White "Palka, Miroslav"]
[Black "Sefcik, Marek"]
[Result "1/2-1/2"]
[WhiteElo "1902"]
[BlackElo "2045"]
[PlyCount "87"]
[EventDate "2015.??.??"]

1. c4 e5 2. Nc3 Nc6 3. g3 f5 4. Bg2 Nf6 5. e3 d5 6. cxd5 Nb4 7. d4 e4 8. Bf1
Nbxd5 9. Bc4 c6 10. Nge2 Be6 11. Bb3 Bd6 12. Bd2 O-O 13. Nxd5 Nxd5 14. Nc3 Qe7
15. Nxd5 cxd5 16. O-O Rf6 17. f4 Rh6 18. Qe2 Qd7 19. Rac1 Be7 20. Rc2 Rc8 21.
Rxc8+ Qxc8 22. Qb5 a6 23. Qe2 Bf7 24. Rc1 Qd8 25. Qe1 Be8 26. Bb4 Bc6 27. Bxe7
Qxe7 28. Qc3 Rd6 29. Qc5 Kf7 30. Qc2 Qd7 31. a3 Rh6 32. Qc5 Qd8 33. Qc2 g5 34.
fxg5 Qxg5 35. Qf2 Qh5 36. Rf1 Ke6 37. Bd1 Qg5 38. Qf4 Qxf4 39. Rxf4 Kf6 40. Rf2
Rg6 41. b4 Bb5 42. a4 Bd7 43. Bb3 Ke6 44. Rc2 1/2-1/2

[Event "SR 4. liga A21 2015/2016"]
[Site "?"]
[Date "2015.12.13"]
[Round "5.5"]
[White "Horak, Ivan"]
[Black "Tokos, Rastislav"]
[Result "1-0"]
[WhiteElo "2040"]
[BlackElo "1827"]
[PlyCount "119"]
[EventDate "2015.??.??"]

1. e4 c5 2. Nf3 Nc6 3. c3 d6 4. d4 cxd4 5. cxd4 a6 6. h3 g6 7. Nc3 Bg7 8. Be3
Nf6 9. Rc1 O-O 10. Bd3 Ne8 11. O-O Kh8 12. Qd2 f5 13. Bh6 e6 14. Bxg7+ Kxg7 15.
Rfe1 h6 16. exf5 exf5 17. d5 Na7 18. Nd4 Rf7 19. Ne6+ Bxe6 20. dxe6 Rc7 21.
Rcd1 Nf6 22. Be2 Nc6 23. Qxd6 Qxd6 24. Rxd6 Ne8 25. Rd7+ Rxd7 26. exd7 Nd6 27.
Rd1 Nf7 28. Bf3 Nfe5 29. Bxc6 Nxc6 30. Nd5 Rd8 31. Nb6 Kf7 32. Rd6 Rg8 33. Nd5
Rd8 34. f4 Nb8 35. Nb6 Nc6 36. Nc4 Kg7 37. Ne5 Ne7 38. Re6 Kf8 39. Nxg6+ Nxg6
40. Rxg6 Rxd7 41. Rxh6 Rf7 42. Rb6 Ke8 43. Kf2 Kd8 44. Kf3 Kc7 45. Rb3 Rh7 46.
Re3 Kd6 47. Re5 Rh5 48. Kg3 Kc6 49. Kh2 b5 50. g4 Rh7 51. Kg3 fxg4 52. hxg4 a5
53. g5 Rh1 54. Re2 Kd5 55. g6 Rg1+ 56. Rg2 Rc1 57. g7 Rc8 58. Kf3 Rg8 59. Rg5+
Kc4 60. f5 1-0

[Event "SR 4. liga A21 2015/2016"]
[Site "?"]
[Date "2015.12.13"]
[Round "5.5"]
[White "Huska, Branislav"]
[Black "Chabada, Tomas"]
[Result "0-1"]
[WhiteElo "1802"]
[BlackElo "1942"]
[PlyCount "90"]
[EventDate "2015.??.??"]

1. e4 e5 2. Nf3 Nc6 3. Bb5 a6 4. Ba4 Nf6 5. d3 b5 6. Bb3 Be7 7. c3 d6 8. O-O
O-O 9. Re1 Na5 10. Bc2 c5 11. Nbd2 h6 12. Nf1 Re8 13. Ng3 Bf8 14. d4 cxd4 15.
cxd4 Bg4 16. d5 Rc8 17. Bd3 Nc4 18. b3 Nb6 19. h3 Bd7 20. Bd2 Qc7 21. Rc1 Qb8
22. Qe2 Rxc1 23. Rxc1 Rc8 24. Rxc8 Bxc8 25. Ba5 Nbd7 26. b4 Nb6 27. Qc2 Bd7 28.
Ne2 Be7 29. Nd2 Nh5 30. g4 Nf6 31. Ng3 g6 32. Kg2 h5 33. gxh5 Nxh5 34. Nxh5
gxh5 35. Be2 Kh7 36. Bxb6 Qxb6 37. Bxh5 Qd8 38. Qd3 Bh4 39. Qf3 Qg5+ 40. Bg4 f5
41. exf5 Qxd2 42. a3 e4 43. Qxe4 Qxf2+ 44. Kh1 Qe1+ 45. Qxe1 Bxe1 0-1

[Event "SR 4. liga A21 2015/2016"]
[Site "?"]
[Date "2015.12.13"]
[Round "5.5"]
[White "Kovarik, Oto"]
[Black "Lauko, Tomas"]
[Result "0-1"]
[WhiteElo "1820"]
[BlackElo "1665"]
[PlyCount "122"]
[EventDate "2015.??.??"]

1. e4 c5 2. Nf3 e6 3. d4 Nc6 4. d5 exd5 5. exd5 Qe7+ 6. Be2 Ne5 7. Nxe5 Qxe5 8.
O-O Bd6 9. f4 Qf6 10. Nc3 Qh6 11. g3 f5 12. Bh5+ g6 13. Qe2+ Kf7 14. Bf3 a6 15.
Be3 Nf6 16. a4 b6 17. Qf2 Rb8 18. Rfe1 Bc7 19. a5 d6 20. axb6 Rxb6 21. Na4 Rb5
22. c4 Rb4 23. Qc2 Bd7 24. Nxc5 dxc5 25. Bxc5 Bb6 26. Bxb6 Rxb6 27. c5 Rc8 28.
c6 Ng4 29. Bxg4 fxg4 30. Re2 Qf8 31. Qc4 Rb4 32. Qxa6 Qc5+ 33. Kf1 Qxd5 34.
cxd7 Qh1+ 35. Kf2 Qxh2+ 36. Ke1 Qg1+ 37. Kd2 Rd4+ 38. Qd3 Rxd3+ 39. Kxd3 Qxg3+
40. Re3 Qxe3+ 41. Kxe3 Rd8 42. Rd1 Ke7 43. Rh1 h5 44. f5 Rxd7 45. fxg6 Rd5 46.
Ke4 Rb5 47. Rh2 Kf6 48. Kf4 Kxg6 49. Rc2 Rf5+ 50. Kg3 Rf3+ 51. Kg2 Rb3 52. Kh2
Kg5 53. Kg2 Rb4 54. Rc5+ Kh4 55. Rc2 g3 56. Rd2 Kg4 57. Rc2 h4 58. Kg1 h3 59.
Rd2 Rc4 60. Rd1 h2+ 61. Kh1 Kh3 0-1

[Event "SR 4. liga A21 2015/2016"]
[Site "?"]
[Date "2015.12.13"]
[Round "5.6"]
[White "Sobek, Michal"]
[Black "Ocko, Martin"]
[Result "1-0"]
[WhiteElo "1887"]
[BlackElo "1994"]
[PlyCount "75"]
[EventDate "2015.??.??"]

1. e4 e5 2. Nf3 Nc6 3. Bb5 Nd4 4. Nxd4 exd4 5. d3 Bc5 6. O-O c6 7. Bc4 d5 8.
exd5 cxd5 9. Bb5+ Kf8 10. Re1 h5 11. Re8+ Qxe8 12. Bxe8 Kxe8 13. h3 Ne7 14. Nd2
f6 15. Nb3 Bb6 16. Qf3 Kf7 17. Bd2 a5 18. a4 Bd7 19. Qf4 g5 20. Qd6 Bc6 21. Re1
Rhe8 22. Qe6+ Kg7 23. g4 h4 24. Qd6 Ng6 25. Rxe8 Rxe8 26. Bxa5 Bxa5 27. Nxa5
Nf4 28. Nxc6 Re1+ 29. Kh2 bxc6 30. Qc5 Re2 31. Qxd4 Ne6 32. Qb6 c5 33. a5 d4
34. a6 Rxf2+ 35. Kg1 Re2 36. a7 Nf4 37. Qb7+ Kh6 38. a8=Q 1-0

[Event "SR 4. liga A21 2015/2016"]
[Site "?"]
[Date "2015.12.13"]
[Round "5.6"]
[White "Klimes, Karel"]
[Black "Diviak, Rudolf"]
[Result "1/2-1/2"]
[WhiteElo "1679"]
[BlackElo "1812"]
[PlyCount "38"]
[EventDate "2015.??.??"]

1. e4 e5 2. Nf3 Nc6 3. Bc4 Nf6 4. d3 Be7 5. Nc3 d6 6. h3 Na5 7. Bb5+ c6 8. Ba4
b5 9. Bb3 Nxb3 10. axb3 O-O 11. O-O Bd7 12. Be3 Qc7 13. Qd2 Nh5 14. d4 f5 15.
exf5 b4 16. Ne2 Rxf5 17. Qxb4 Rxf3 18. gxf3 Bxh3 19. dxe5 Bxf1 1/2-1/2

[Event "SR 4. liga A21 2015/2016"]
[Site "?"]
[Date "2015.12.13"]
[Round "5.6"]
[White "Ulehla, Jakub"]
[Black "Wallner, Juraj"]
[Result "1/2-1/2"]
[WhiteElo "1666"]
[BlackElo "1535"]
[PlyCount "58"]
[EventDate "2015.??.??"]

1. e4 c5 2. Nf3 Nc6 3. d4 e6 4. Bb5 a6 5. Bxc6 bxc6 6. d5 cxd5 7. exd5 Bb7 8.
c4 exd5 9. cxd5 d6 10. O-O Be7 11. Nc3 Nf6 12. Bg5 O-O 13. Re1 Nxd5 14. Bxe7
Nxe7 15. Qd3 Bxf3 16. Qxf3 Ng6 17. Rad1 Qb6 18. Re2 Rfe8 19. Rde1 Red8 20. Nd5
Qb8 21. Ne7+ Nxe7 22. Rxe7 Rf8 23. Rb7 Qd8 24. Ree7 Qa5 25. h3 Qxa2 26. Kh2
Rab8 27. b3 Rxb7 28. Rxb7 Qd2 29. Rd7 Qd4 1/2-1/2

[Event "SR 4. liga A21 2015/2016"]
[Site "?"]
[Date "2015.12.13"]
[Round "5.6"]
[White "Tomasovic, Roman"]
[Black "Trojkova, Michaela"]
[Result "1/2-1/2"]
[WhiteElo "1548"]
[BlackElo "1535"]
[PlyCount "86"]
[EventDate "2015.??.??"]

1. d4 f5 2. c4 Nf6 3. e3 e6 4. Nf3 Be7 5. a3 O-O 6. Bd3 b6 7. Nbd2 Bb7 8. O-O
h6 9. Re1 d6 10. b3 Nbd7 11. Bb2 Re8 12. Qc2 c6 13. e4 fxe4 14. Nxe4 Nf8 15.
Re2 c5 16. Rae1 cxd4 17. Bxd4 e5 18. Bb2 Ne6 19. Bc1 Nxe4 20. Bxe4 Bxe4 21.
Rxe4 Ng5 22. R4e3 Nxf3+ 23. Rxf3 Rf8 24. Qe4 Rxf3 25. Qxf3 Qf8 26. Qg4 Qf6 27.
Re3 Qh4 28. Qe6+ Kh8 29. Rh3 Qf6 30. Qd5 Rf8 31. Rf3 Qg6 32. Rxf8+ Bxf8 33. Qd2
Be7 34. Qb2 Bg5 35. Bxg5 Qxg5 36. Qc2 Qf4 37. a4 Qd4 38. h3 Qf4 39. Qd3 Qc1+
40. Kh2 Qf4+ 41. Kg1 Qc1+ 42. Kh2 Qf4+ 43. Kg1 Qc1+ 1/2-1/2

[Event "SR 4. liga A21 2015/2016"]
[Site "?"]
[Date "2016.01.10"]
[Round "6.1"]
[White "Kubis, Ivan"]
[Black "Ocko, Martin"]
[Result "1/2-1/2"]
[WhiteElo "1939"]
[BlackElo "1966"]
[PlyCount "60"]
[EventDate "2015.??.??"]

1. e4 d5 2. exd5 Qxd5 3. Nc3 Qd6 4. Nf3 Nf6 5. d4 a6 6. g3 g6 7. Bg2 Bg7 8. O-O
O-O 9. Bf4 Qd8 10. Qd2 Nc6 11. Rad1 Bf5 12. Nh4 Bg4 13. f3 Bc8 14. d5 Na7 15.
a4 b5 16. Bh6 e6 17. Bxg7 Kxg7 18. f4 Bb7 19. dxe6 Qxd2 20. Rxd2 Bxg2 21. Nxg2
fxe6 22. Rfd1 Kf7 23. Ne3 Ke7 24. Re2 Kf7 25. Red2 Ke7 26. Kg2 Rad8 27. Kf3
Rxd2 28. Rxd2 c5 29. Ne4 Nxe4 30. Kxe4 Nc6 1/2-1/2

[Event "SR 4. liga A21 2015/2016"]
[Site "?"]
[Date "2016.01.10"]
[Round "6.1"]
[White "Diviak, Rastislav"]
[Black "Valla, Tomas"]
[Result "1-0"]
[WhiteElo "1960"]
[BlackElo "1811"]
[PlyCount "47"]
[EventDate "2015.??.??"]

1. e4 c5 2. Nf3 e6 3. d4 cxd4 4. Nxd4 a6 5. Bd3 Qc7 6. O-O Bc5 7. Nb3 Be7 8.
Be3 b5 9. N1d2 d6 10. Qe2 Bb7 11. c3 Nf6 12. a4 bxa4 13. Rxa4 O-O 14. Na5 Bc8
15. Rfa1 d5 16. Bg5 h6 17. Bh4 e5 18. Bxf6 Bxf6 19. exd5 Bd7 20. Rc4 Qb6 21.
Rb4 Qc7 22. d6 Qxd6 23. Ne4 Qc6 24. Nxc6 1-0

[Event "SR 4. liga A21 2015/2016"]
[Site "?"]
[Date "2016.01.10"]
[Round "6.1"]
[White "Zajicek, Ferdinand"]
[Black "Diviak, Rudolf"]
[Result "1-0"]
[WhiteElo "1774"]
[BlackElo "1798"]
[PlyCount "59"]
[EventDate "2015.??.??"]

1. e4 d6 2. Nc3 g6 3. d4 Bg7 4. Nf3 c6 5. Be3 Nf6 6. Be2 b5 7. a3 a5 8. O-O O-O
9. h3 Bb7 10. Bd3 Qc7 11. Qd2 Rd8 12. Bh6 Bh8 13. Bf4 b4 14. axb4 axb4 15. Rxa8
Bxa8 16. Ne2 Qa5 17. e5 Nd5 18. Nc1 Nxf4 19. Qxf4 Nd7 20. Ng5 Qd5 21. Be4 dxe5
22. Bxd5 exf4 23. Bxf7+ Kf8 24. Ne6+ Kxf7 25. Nxd8+ Kf6 26. Nd3 b3 27. cxb3 Kf5
28. Ne5 Bxe5 29. dxe5 Nxe5 30. Ra1 1-0